[Event "Elitzur Int Online"]
[Site "Chess.com INT"]
[Date "2020.11.01"]
[Round "5"]
[White "Iskos, Lukas"]
[Black "Tsirilman, Guy"]
[Result "0-1"]
[WhiteElo "1746"]
[BlackElo "2086"]
[PlyCount "140"]
[EventDate "2020.11.01"]
[EventType "swiss (blitz)"]
[EventRounds "11"]
[EventCountry "ISR"]
[SourceTitle "CBM 199 Extra"]
[Source "ChessBase"]
[SourceDate "2021.01.31"]
[SourceVersion "1"]
[SourceVersionDate "2021.01.31"]
[SourceQuality "1"]

1. d4 Nf6 2. Nf3 g6 3. Bf4 Bg7 4. Nbd2 d6 5. e4 0-0 6. Bd3 Nbd7 7. c4 e5 8. dxe5 dxe5 9. Bxe5 Nxe5 10. Nxe5 Re8 11. Ndf3 Bg4 12. Nxg4 Nxg4 13. Qc2 Ne5 14. Nxe5 Bxe5 15. 0-0 Qf6 16. Kh1 Rad8 17. f4 Bxf4 18. g3 Qd4 19. Rxf4 Qxd3 20. Qxd3 Rxd3 21. Raf1 Re7 22. R1f2 Rd4 23. e5 Rxf4 24. gxf4 Rd7 25. Kg2 Rd4 26. b3 Kf8 27. Kg3 Ke7 28. h4 Ke6 29. Kg4 Rd1 30. h5 Rg1+ 31. Kh4 Rh1+ 32. Kg4 Rxh5 33. Rd2 Rh1 34. Rd8 Rh2 35. Rb8 h5+ 36. Kg5 Rg2+ 37. Kh4 b6 38. Rb7 Kd7 39. Rxa7 Rg4+ 40. Kh3 Rxf4 41. a4 Re4 42. b4 Rxe5 43. a5 bxa5 44. bxa5 g5 45. Ra8 Re3+ 46. Kg2 h4 47. a6 g4 48. a7 Re2+ 49. Kf1 Ra2 50. c5 h3 51. Rg8 Rxa7 52. Rxg4 Ra3 53. Rh4 Kc6 54. Rh5 Rg3 55. Kf2 Rc3 56. Kg1 Rxc5 57. Rxh3 Re5 58. Rf3 f5 59. Kf2 Kd5 60. Kg2 c5 61. Rf1 c4 62. Rd1+ Kc5 63. Kf3 c3 64. Kf4 Re2 65. Kxf5 Kc4 66. Kf4 c2 67. Rc1 Kc3 68. Kf3 Re7 69. Kf2 Kd2 70. Rh1 c1Q 0-1

[Event "Jerusalem Israel op"]
[Site "Jerusalem"]
[Date "2019.12.16"]
[Round "4"]
[White "Tsirilman, Guy"]
[Black "Lahav, Michal"]
[Result "0-1"]
[WhiteElo "1975"]
[BlackElo "2244"]
[PlyCount "68"]
[EventDate "2019.12.12"]
[EventType "swiss"]
[EventRounds "9"]
[EventCountry "ISR"]
[SourceTitle "CBM 193 Extra"]
[Source "ChessBase"]
[SourceDate "2020.01.31"]
[SourceVersion "1"]
[SourceVersionDate "2020.01.31"]
[SourceQuality "1"]

1. e4 e6 2. d4 d5 3. Nd2 Be7 4. Ngf3 Nf6 5. e5 Nfd7 6. Bd3 c5 7. c3 b6 8. Qe2 Nc6 9. a3 Bb7 10. 0-0 g5 11. b4 c4 12. Nxc4 dxc4 13. Bxc4 Qc7 14. Bxg5 Rg8 15. Bf4 0-0-0 16. Qe3 Ncxe5 17. Be2 Nxf3+ 18. Bxf3 Bd6 19. Bxb7+ Qxb7 20. f3 Bxf4 21. Qxf4 Nf8 22. c4 Ng6 23. Qe3 Nh4 24. Rf2 Nf5 25. Qc3 Nxd4 26. c5 Kb8 27. Rc1 Rd5 28. a4 bxc5 29. bxc5 Qc6 30. Rb1+ Ka8 31. Qb4 e5 32. Rfb2 Rdd8 33. Qa5 Nxf3+ 34. Kh1 Nh4 0-1

[Event "EU-chT U12"]
[Site "Pardubice"]
[Date "2019.07.17"]
[Round "7.4"]
[White "Tsirilman, Guy"]
[Black "Klimkowski, Jan"]
[Result "0-1"]
[WhiteElo "1792"]
[BlackElo "1985"]
[PlyCount "68"]
[EventDate "2019.07.11"]
[EventType "team-swiss"]
[EventRounds "7"]
[EventCountry "CZE"]
[SourceTitle "EXT 2020"]
[Source "ChessBase"]
[SourceDate "2019.10.17"]
[SourceVersion "1"]
[SourceVersionDate "2019.10.17"]
[SourceQuality "1"]
[WhiteTeam "Israel U12"]
[BlackTeam "Poland U12"]
[WhiteTeamCountry "ISR"]
[BlackTeamCountry "POL"]

1. e4 c5 2. Nf3 d6 3. d4 cxd4 4. Nxd4 Nf6 5. Nc3 a6 6. Be3 e5 7. Nb3 Be6 8. h3 h5 9. f4 exf4 10. Bxf4 h4 11. Qf3 Nc6 12. 0-0-0 Nh5 13. Bh2 Qg5+ 14. Kb1 Ne5 15. Bxe5 dxe5 16. Na5 Bb4 17. Nc4 0-0 18. Nb6 Rad8 19. Bc4 Ng3 20. Rhe1 Bxc3 21. bxc3 Bxc4 22. Nxc4 Qe7 23. Ne3 Qc5 24. Nd5 f5 25. exf5 e4 26. Nf6+ gxf6 27. Qg4+ Kf7 28. Rxd8 Rxd8 29. Qg6+ Ke7 30. Qg7+ Kd6 31. Qxf6+ Kc7 32. Qxh4 Qxc3 33. Qf4+ Kc8 34. Qe3 Rd1+ 0-1

[Event "EU-chT U12"]
[Site "Pardubice"]
[Date "2019.07.15"]
[Round "5.4"]
[White "Durak, Can"]
[Black "Tsirilman, Guy"]
[Result "0-1"]
[WhiteElo "1753"]
[BlackElo "1792"]
[PlyCount "92"]
[EventDate "2019.07.11"]
[EventType "team-swiss"]
[EventRounds "7"]
[EventCountry "CZE"]
[SourceTitle "EXT 2020"]
[Source "ChessBase"]
[SourceDate "2019.10.17"]
[SourceVersion "1"]
[SourceVersionDate "2019.10.17"]
[SourceQuality "1"]
[WhiteTeam "Turkey U12"]
[BlackTeam "Israel U12"]
[WhiteTeamCountry "TUR"]
[BlackTeamCountry "ISR"]

1. d4 Nf6 2. c4 g6 3. Nc3 Bg7 4. Nf3 d6 5. Bg5 0-0 6. e3 c5 7. Be2 cxd4 8. exd4 h6 9. Bh4 Nh5 10. Bg3 f5 11. Nh4 Nxg3 12. hxg3 g5 13. Nf3 g4 14. Nh4 Nc6 15. Ng6 Rf7 16. d5 Nd4 17. Nf4 Qb6 18. Qd2 Bd7 19. Nh5 Be5 20. Rb1 Rh7 21. Bd3 Rf8 22. Nf4 Be8 23. Ne6 Rf6 24. 0-0 h5 25. Nxd4 Bxd4 26. Ne2 Be5 27. Qe3 h4 28. gxh4 Qxe3 29. fxe3 Rxh4 30. Rxf5 Bh2+ 31. Kf2 Bg6 32. Rxf6 Bxd3 33. Re6 Bxb1 34. Rxe7 Be5 35. c5 Rh7 36. Re8+ Kf7 37. Rb8 Kg6 38. b4 Rf7+ 39. Ke1 dxc5 40. Rg8+ Rg7 41. Re8 Kf5 42. bxc5 Bxa2 43. d6 Bd5 44. e4+ Bxe4 45. Re7 Rxe7 46. dxe7 Bc6 0-1

[Event "EU-chT U12"]
[Site "Pardubice"]
[Date "2019.07.14"]
[Round "4.4"]
[White "Tsirilman, Guy"]
[Black "Bat, Bilguun"]
[Result "0-1"]
[WhiteElo "1792"]
[BlackElo "2093"]
[PlyCount "102"]
[EventDate "2019.07.11"]
[EventType "team-swiss"]
[EventRounds "7"]
[EventCountry "CZE"]
[SourceTitle "EXT 2020"]
[Source "ChessBase"]
[SourceDate "2019.10.17"]
[SourceVersion "1"]
[SourceVersionDate "2019.10.17"]
[SourceQuality "1"]
[WhiteTeam "Israel U12"]
[BlackTeam "France U12"]
[WhiteTeamCountry "ISR"]
[BlackTeamCountry "FRA"]

1. e4 c5 2. Nf3 a6 3. c3 e6 4. d4 d5 5. Bd3 dxe4 6. Bxe4 Nf6 7. Bg5 Be7 8. Bxf6 Bxf6 9. dxc5 Qc7 10. 0-0 Qxc5 11. Qc2 h6 12. Nbd2 0-0 13. Nb3 Qc7 14. Nfd4 Bd7 15. Rad1 Nc6 16. Nxc6 Bxc6 17. Nd4 Bxe4 18. Qxe4 Rfd8 19. Nb3 Rac8 20. h3 b5 21. a3 Qb6 22. Qe3 Qc6 23. Rxd8+ Rxd8 24. Qc5 Qe4 25. Qb6 Qc2 26. Nc5 Qxb2 27. Nxa6 Qxa3 28. Qxb5 Qxc3 29. Qb4 Qc6 30. Nb8 Qa8 31. Rb1 Be5 32. Qc5 Rxb8 33. Rd1 Bf6 34. Qc7 Rd8 35. Rxd8+ Qxd8 36. Qxd8+ Bxd8 37. g4 g5 38. Kg2 Kg7 39. Kf3 f5 40. gxf5 exf5 41. h4 gxh4 42. Kg2 Kf6 43. Kh3 Kg5 44. Kh2 Kg4 45. Kg2 h3+ 46. Kh1 Bc7 47. Kg1 Kf3 48. Kh1 Bb6 49. Kg1 Bxf2+ 50. Kh1 Ba7 51. Kh2 Ke2 0-1

[Event "EU-chT U12"]
[Site "Pardubice"]
[Date "2019.07.11"]
[Round "1.4"]
[White "Tsirilman, Guy"]
[Black "Mohapl, Tomas"]
[Result "1-0"]
[WhiteElo "1792"]
[BlackElo "1585"]
[PlyCount "57"]
[EventDate "2019.07.11"]
[EventType "team-swiss"]
[EventRounds "7"]
[EventCountry "CZE"]
[SourceTitle "EXT 2020"]
[Source "ChessBase"]
[SourceDate "2019.10.17"]
[SourceVersion "1"]
[SourceVersionDate "2019.10.17"]
[SourceQuality "1"]
[WhiteTeam "Israel U12"]
[BlackTeam "Czech Republic U12 III"]
[WhiteTeamCountry "ISR"]
[BlackTeamCountry "CZE"]

1. Nf3 d5 2. g3 Nf6 3. Bg2 Bf5 4. 0-0 e6 5. d3 Bd6 6. Nbd2 0-0 7. Qe1 e5 8. e4 dxe4 9. dxe4 Be6 10. c3 Qe7 11. Qe2 Bd7 12. a4 Bc6 13. b4 b6 14. a5 a6 15. axb6 cxb6 16. Nh4 g6 17. Rd1 b5 18. Nf1 Rd8 19. Bg5 Kg7 20. Ne3 Qe6 21. Qf1 Bc7 22. Bh3 Qe8 23. Nhf5+ gxf5 24. Nxf5+ Kg6 25. Nh4+ Kg7 26. Nf5+ Kg6 27. Rxd8 Bxd8 28. Qc1 Bxe4 29. Bxf6 1-0

[Event "Netanya op"]
[Site "Netanya"]
[Date "2019.06.28"]
[Round "6"]
[White "Katkov, Michelle"]
[Black "Tsirilman, Guy"]
[Result "0-1"]
[WhiteElo "2112"]
[BlackElo "1798"]
[PlyCount "110"]
[EventDate "2019.06.23"]
[EventType "swiss"]
[EventRounds "9"]
[EventCountry "ISR"]
[SourceTitle "CBM 191 Extra"]
[Source "ChessBase"]
[SourceDate "2019.09.30"]
[SourceVersion "1"]
[SourceVersionDate "2019.09.30"]
[SourceQuality "1"]

1. e4 c5 2. c3 d5 3. exd5 Qxd5 4. d4 Nc6 5. Nf3 Bf5 6. Be3 cxd4 7. cxd4 Bxb1 8. Qxb1 e6 9. a3 Nf6 10. Bd3 Be7 11. 0-0 0-0 12. Re1 Rfd8 13. Qd1 Rac8 14. Bc2 Qd7 15. Qe2 Nd5 16. Bd2 Bf6 17. Qe4 g6 18. Rad1 Qc7 19. Bb1 Qb6 20. Bg5 Qc7 21. Ba2 Bxg5 22. Nxg5 Qf4 23. Qxf4 Nxf4 24. g3 Nd5 25. Nf3 Kg7 26. Rc1 a6 27. Red1 h6 28. Kg2 g5 29. Rc5 Nf6 30. Rdc1 Ne4 31. R5c2 Rd6 32. Rd1 Rcd8 33. Re2 Nf6 34. Red2 g4 35. Ng1 Rxd4 36. Rxd4 Rxd4 37. Rxd4 Nxd4 38. Kf1 Nd5 39. Ke1 Kf6 40. Kd2 Ke5 41. h3 h5 42. hxg4 hxg4 43. Bc4 b5 44. Bd3 f5 45. Ne2 Nxe2 46. Bxe2 Kd4 47. a4 Nc7 48. axb5 axb5 49. Bd3 b4 50. Bc2 Nd5 51. Ba4 Nf6 52. Bb3 Ne4+ 53. Ke2 Nc5 54. Bd1 Nd3 55. b3 Nb2 0-1

[Event "Netanya op"]
[Site "Netanya"]
[Date "2019.06.26"]
[Round "4"]
[White "Lazebnikov, Yefim"]
[Black "Tsirilman, Guy"]
[Result "0-1"]
[WhiteElo "1444"]
[BlackElo "1798"]
[PlyCount "62"]
[EventDate "2019.06.23"]
[EventType "swiss"]
[EventRounds "9"]
[EventCountry "ISR"]
[SourceTitle "CBM 191 Extra"]
[Source "ChessBase"]
[SourceDate "2019.09.30"]
[SourceVersion "1"]
[SourceVersionDate "2019.09.30"]
[SourceQuality "1"]

1. b3 d6 2. Bb2 Nd7 3. g3 Ngf6 4. Bg2 g6 5. c4 Bg7 6. Nc3 0-0 7. Qc2 c6 8. e3 e5 9. Nge2 Re8 10. 0-0 Qe7 11. Rad1 h5 12. h4 Nf8 13. d4 e4 14. Ba3 Bg4 15. Rde1 N8h7 16. Nf4 g5 17. hxg5 Nxg5 18. b4 h4 19. gxh4 Nf3+ 20. Bxf3 Bxf3 21. Nce2 Ng4 22. Ng2 Qf6 23. Nef4 Bh6 24. Bc1 Kh7 25. Nh5 Qg6 26. Ng3 f5 27. Nf4 Bxf4 28. exf4 Qf6 29. Nxf5 Qxf5 30. Re3 Nxe3 31. fxe3 Qg4+ 0-1

[Event "Wch U08"]
[Site "Batumi"]
[Date "2016.10.28"]
[Round "9"]
[White "Senekal, Frederick Petrus"]
[Black "Tsirilman, Guy"]
[Result "0-1"]
[WhiteElo "1757"]
[BlackElo "1369"]
[PlyCount "56"]
[EventDate "2016.10.19"]
[EventType "swiss"]
[EventRounds "11"]
[EventCountry "GEO"]
[SourceTitle "CBM 175 Extra"]
[Source "ChessBase"]
[SourceDate "2016.12.12"]
[SourceVersion "1"]
[SourceVersionDate "2016.12.12"]
[SourceQuality "1"]

1. e4 c6 2. d4 d5 3. Nc3 dxe4 4. Nxe4 Nd7 5. Nf3 Ngf6 6. Ng3 e6 7. Bf4 Be7 8. Bd3 Nd5 9. Bd2 0-0 10. 0-0 b6 11. Re1 Bb7 12. c3 c5 13. Rc1 cxd4 14. Nxd4 Nc5 15. Qc2 Nxd3 16. Qxd3 Nf6 17. Qc2 Rc8 18. a3 Bc5 19. Nf3 Ng4 20. Rf1 Bxf3 21. gxf3 Ne5 22. Kg2 Qd5 23. Qd1 Nd3 24. Rb1 Rfd8 25. Be3 Qc6 26. Qe2 Rd7 27. Bxc5 Nf4+ 28. Kg1 Nxe2+ 0-1